000 01425namaa22003131i 4500
003 EG-GICUC
005 20260223110810.0
008 260223m19711973xx ah||jr|||| 000 0 ara d
040 _aEG-GiCUC
_bara
_cEG-GiCUC
_dEG-GiCUC
_erda
043 _aa-iq---
082 0 4 _221
_a818.5102
_bT169
092 0 4 _221
_a818.5102
_bT169
099 _a818.5102 T169
100 1 _aالتنوخى، المحسن بن على،
_d940-994
_eمؤلف.
245 1 _aنشوار المحاضرة وأخبار المذاكرة /
_cتأليف القاضى آبى على المحسن بن على التنوخى ؛ تحقيق عبود الشالجى
246 1 _aThe table-Talk of a Mesopotamian Judge : Being the first part of the Nishwar al-Muhadarah
264 _aمكان النشر غير محدد :
_bالناشر غير محدد،
_c1971-1973
300 _a؛ 8 مجلدات
_c24 سم
_bإيضاحيات، صور، مثيليات ؛ Illustrations
336 _2rdacontent
_atext
337 _2rdamedia
_aUnmediated
338 _2rdacarrier
_avolume
504 _aيشتمل على ارجاعات ببليوجرافية
541 _aد. جابر عصفور ؛
_bالقاهرة ؛
_cإهداء ؛
_d2024.
650 1 7 _aالتاريخ الاسلامى
_xقصص وحكايات
_2qrmak
651 1 _2qrmak
_aالعراق
_xقصص وحكايات
700 1 _aالشالجى، عبود
_eمحقق.
905 _aHuda
942 _2ddc
_cBK
_e21
_n0
999 _c178661
_d178661